000 00357nam a2200133 i 4500
001 bg
100 1 _aSAWICKI, Tadeusz
245 0 _aPrzykład zastosowania teorii przystosowania do analizy rusztu pLaskiego /
_cTadeusz Sawicki.
260 _aWarszawa,
_c1980.
040 _cBPK
041 _apol
942 _cKS
008 s pl f |000 0 pol
999 _c20841
_d20841
856 _uhttp://koha.tu.koszalin.pl/cgi-bin/koha/opac-detail.pl?biblionumber=20841
_yKatalog online BPK